000 00405nam a22001697a 4500
003 UA-OsUOA
001 3938
007 ta
008 20050721b un ||||| |||| 00| 0 ukr d
100 _aБаранцев
700 _aК. Т.
942 _cBK
040 _aUA-OsUOA
_cUA-OsUOA
_dUA-OsUOA
245 _aКурс лексикології сучасної англ. мови
955 _a2
650 7 _2UDC
999 _c290100
_d290100